Datum a čas kvízu
29
Celkem bodů
Celkový počet nahraných bodů na tomto kvízu bez doplňovacích otázek.
5.
Pořadí na kvízu
Konečné umístění týmu na tomto kvízu.
Zaznamenané odpovědi
| # | Otázka | Odpověď | Body | Výsledky |
|---|---|---|---|---|
| -14. | Aktuální události tohoto týdne... | Vít Kolář | 0 | |
| -13. | Británii, severní Německo a ji... | Babet | 0 | |
| -12. | V pondělí 16. října uběhlo 100... | The Walt Disney Company | 1 | |
| -11. | Do České republiky se příští r... | Hradec Králové | 1 | |
| -10. | Nejgólovější zápas v historii... | Zlín, Mladá Boleslav | 1 | |
| 1. | Celosvětově se tento typický i... | latte macchiato | 0 | |
| 2. | Tradiční, světově proslulou om... | Tabasco | 0 | |
| 3. | Tentokrát se vydáme do Asie. N... | C | 0 | |
| 4. | V Indii, ale i v ostatních zem... | tandúr (tandoor) | 0 | |
| 5. | Při svých cestách Slovenskem m... | žinčica | 1 |